Produkty nových technológií-vplyv a dôsledky na vývoj trhového prostredia diplomová práca

Salvato in:
Dettagli Bibliografici
Autore principale: Poláková, Stanislava
Ente Autore: Obchodná fakulta EU. Katedra tovaroznalectva a kvality tovaru
Altri autori: Strhan, Rastislav, 1968-
Natura: Libro
Lingua:slovacco
Pubblicazione: Bratislava 2008
Tags: Aggiungi Tag
Nessun Tag, puoi essere il primo ad aggiungerne!!

MARC

LEADER 00000nam$a2200000$$$4500
001 0081805
005 20240201120202.1
041 0 |a slo 
044 |a SK 
245 1 0 |a Produkty nových technológií-vplyv a dôsledky na vývoj trhového prostredia  |b diplomová práca  |c Stanislava Poláková ; škol. Rastislav Strhan 
264 1 |a Bratislava  |c 2008 
300 |a 95 s. 
100 1 |a Poláková, Stanislava 
700 1 |a Strhan, Rastislav, 1968- 
710 2 |a Obchodná fakulta EU. Katedra tovaroznalectva a kvality tovaru